00413nam a22001337a 450000500170000001000130001702000260003003700200005624500580007626000370013427000590017130000250023070000240025520210930124843.0 aEN230921 a9789389467512c350.00 bSahitya Akademi aGuru Nanak:ba reader /cedited by Tejwant Singh Gill aNew DelhibSahitya Akademic2021 aRabindra Bhavan, 35, Ferozshah RoadbNew Delhie110001 axxx, 229p.c25cm(Hb) aGill, Tejwant Singh